Statistiken für Hauptstädte von Australien und den Ländern Ozeaniens

Klicken Sie hier um das Quiz zu spielen!

Allgemein

  • Dieses Quiz wurde 190 mal gespielt
  • Das Durchschnittsergebnis liegt bei 10 aus 14

Antwortstatistiken

Länder Hauptstädte % Korrekt
AustralienCanberra
100%
NeuseelandWellington
95%
Papua-NeuguineaPort Moresby
80%
SamoaApia
76%
FidschiSuva
75%
MikronesienPalikir
75%
NauruYaren
69%
TuvaluFunafuti
68%
VanuatuPort Vila
68%
KiribatiSouth Tarawa
62%
MarshallinselnMajuro
60%
SalomonenHoniara
56%
TongaNuku'alofa
52%
PalauMelekeok
31%

Verteilung der Resultate

Perzentil nach korrekt beantworteten Fragen

Anzahl Personen mit jedem Resultat

Ihre Resultats-Entwicklung

Sie haben dieses Quiz noch nicht gespielt